| 000 | 00857nam a22002177a 4500 | ||
|---|---|---|---|
| 999 |
_c20072 _d20072 |
||
| 003 | AR-CdUCM | ||
| 008 | 190525b ||||| |||| 00| 0 spa d | ||
| 040 |
_aMUNICIPALIDAD PROVINCIAL DEL CUSCO _cBIBLIOTECA MUNICIPAL DEL CUSCO |
||
| 082 |
_a376.3 / _bC23 |
||
| 100 |
_aCarin, Arthur A. _941991 |
||
| 245 | _aLa enseñanza de ciencia moderna / | ||
| 260 |
_aArgentina : _bGuadalupe, _c1975. |
||
| 300 |
_a354 páginas ; _bImágenes, Gráficos _c24 cm. |
||
| 505 | _aContenido : Estructuración de la enseñanza científica en ka escuela primaria -- Como organizar y planificar la enseñanza, aprendizaje la ciencia mediante el descubrimiento... | ||
| 650 |
_aEnseñanza y Aprendizaje _99958 |
||
| 650 |
_aExperimentación _916358 |
||
| 650 |
_aEnseñanza de la ciencia _941992 |
||
| 700 |
_aSund, Robert B, _941993 |
||
| 942 |
_2ddc _cLIBROS |
||
| 945 | _arcc | ||